EPIC The Musical : Wouldn't You Like - Statistiques

Statistiques générales
  • Ce quiz a été pris 70 fois
  • Le résultat moyen est 375 sur 434
Statistiques - réponses
Hint Réponse % Correct
a
100%
A
100%
like
100%
of
100%
power?
100%
power
100%
the
100%
can
98%
her?
98%
her
98%
Odysseus Hermes?
98%
Odysseus Hermes
98%
| Hermes I
98%
| Odysseus Oh
98%
taste
98%
to
98%
| Hermes | Hermes & Choir Wouldn′t
98%
Wouldn't
98%
you
98%
You
98%
you,
98%
be
96%
friend
96%
in
96%
me,
96%
beat
93%
| Hermes & Choir Deep
93%
night,
93%
than
93%
Circe
91%
more
91%
Odysseus Who
91%
who
91%
words?
91%
your
91%
fight
89%
help
89%
Moly
89%
use
89%
is
87%
Hermes Just
87%
message
87%
or
87%
an
84%
for
84%
hours
84%
hurt
84%
must
84%
say,
84%
send
84%
what
84%
gave
82%
god
82%
Holy
82%
on
82%
some
82%
there?
82%
There
82%
this
82%
animal
80%
magic?
80%
not
80%
save
80%
She
80%
speech
80%
turn
80%
certain
78%
could
78%
I′ll
78%
I'll
78%
men
78%
need
78%
and
76%
And
76%
call
76%
have
76%
tragic
76%
with
76%
conquer
73%
Hermes Don′t
73%
intervention
73%
lasts
73%
Someone
73%
goes
71%
Good
71%
into
71%
luck
71%
may
71%
plate
71%
root
71%
root,
71%
Thank
71%
thank
71%
want
71%
who's
71%
afraid
69%
all
69%
All
69%
die
69%
Divine
69%
it
69%
monster
69%
Odysseus Ah
67%
brilliant
67%
flower
67%
up
67%
You′ll
67%
you′ll
67%
date
64%
foe
64%
Here
64%
imagination
64%
well
64%
but
62%
end
62%
fall
62%
haunt
62%
love
62%
moment
62%
very
62%
messed
60%
outcome
60%
you′re
60%
has
58%
it's
58%
make
58%
need′s
58%
only
58%
blessing
56%
bones
56%
conjure
56%
creation
56%
digest
56%
ways
56%
take
53%
when
53%
alone
51%
opponent
51%
that'll
51%
′Til
51%
you've
51%
consume
49%
beaten
47%
grind
44%
hundredth
44%
Then
44%
preferred?
42%
being
40%
such
40%
lies
38%
Though
38%
manifest
33%
Hermes Oh-oh,
33%
Aucun quiz correspondant
Distribution des résultats
% des personnes avec chaque résultat
Percentile par nombre de réponses
Votre historique - résultats
Vous n’avez pas pris ce quiz